00545cam a2200193ua 450000100060000000800390000602000180004504000090006304100080007208200120008010000330009224500830012525000120020826000480022030000100026865300210027865300210029965300310032010470190227n ii |||gr||||Z||||||asm a9788186385289 cMAIN aasm a954.162 aRanjit Sabhapandit,eAuthor. aSaiyad Saddullar pora Gopinath Bordoloi loi (1937-50)bAsomor rajnaitik itihas a1st ed. aGuwahati:bAssam publishing company,c2014. a232p. aSouth Asia India aHistory of Assam aPolitical history of Assam